| 000 | 00809nam a22002897a 4500 | ||
|---|---|---|---|
| 001 | 200461169 | ||
| 003 | TR-AnTOB | ||
| 005 | 20240624153921.0 | ||
| 008 | 240624b tu ||||| |||| 00| 0 tur d | ||
| 020 | _a9786053839606 | ||
| 040 |
_aTR-AnTOB _beng _erda _cTR-AnTOB |
||
| 041 | _atur | ||
| 092 |
_a813.42 _bTOL 2012 |
||
| 100 |
_qAvgören, Esra. _eauthor. |
||
| 245 |
_aTolya bekçisi / _cEsra Aygören. |
||
| 250 | _a1 .bs. | ||
| 260 |
_aİstanbul : _bGenç Damla Yayınları ; _c2012. |
||
| 300 |
_a144 Pages. : _c20 cm. |
||
| 336 |
_atext _btxt _2rdacontent |
||
| 337 |
_aunmediated _bn _2rdamedia |
||
| 338 |
_avolume _bnc _2rdacarrier |
||
| 490 |
_aGenç Damla Yayınları ; _v19 |
||
| 653 | _aTürk Edebiyatı | ||
| 942 |
_2ddc _cBK |
||
| 999 |
_c200461169 _d79381 |
||